| 000 | 00610nam a2200241Ia 4500 | ||
|---|---|---|---|
| 001 | 54248 | ||
| 005 | 20240114005416.0 | ||
| 007 | ta | ||
| 008 | 110722s1985 g b000 u 465 u | ||
| 040 | _aCoptton College,Assa | ||
| 041 | _a465 | ||
| 082 |
_a822.33 _bSh 15 Ha |
||
| 100 | _aBolt, Sydney . | ||
| 245 | 0 |
_aPenguin Masterstudies Hamlet / _cSydney Bolt. _hTextual Documents |
|
| 250 | _aist / | ||
| 260 |
_aNew York : _bPenguin , _c1985. |
||
| 300 |
_a96pg ; _c18cm. |
||
| 653 | _aHamlet | ||
| 653 | _aMS-English-Hamlet | ||
| 942 |
_2ddc _cBK |
||
| 999 |
_c54211 _d54211 |
||